Οι Πανθέοι
Αποθηκεύτηκε σε:
| Κύριος συγγραφέας: | |
|---|---|
| Μορφή: | Βιβλίο |
| Γλώσσα: | Greek |
| Δημοσίευση: |
Αθήνα :
Εστία,
1976-1977.
|
| Έκδοση: | 3η έκδ. |
| Σειρά: | Νεοελληνική λογοτεχνία (Εστία)
|
| Θέματα: | |
| Ετικέτες: |
Προσθήκη ετικέτας
Δεν υπάρχουν, Καταχωρήστε ετικέτα πρώτοι!
|
MARC
| LEADER | 00000cam a2200000 a 4500 | ||
|---|---|---|---|
| 001 | 1/118141 | ||
| 008 | 190227m19761977gr | ||| |||| ||gre|| | ||
| 040 | |a GR-MyUa |b gre |c GR-MyUa |e AACR2 | ||
| 041 | 0 | |a gre | |
| 082 | 7 | |a 889.3 |2 (23) | |
| 100 | 1 | |a Αθανασιάδης, Τάσος, |d 1913-2016. | |
| 245 | 1 | 3 | |a Οι Πανθέοι / |c Τάσου Αθανασιάδη. |
| 250 | |a 3η έκδ. | ||
| 260 | |a Αθήνα : |b Εστία, |c 1976-1977. | ||
| 300 | |a 3 τ. σε 4 ; |c 17 εκ. | ||
| 490 | 1 | |a (Νεοελληνική λογοτεχνία / Εστία ; |v 76, |v 82, |v 83, |v 84) | |
| 505 | 8 | |a Τ. 1. Η χαρισάμενη εποχή -- τ. 2. Μάρμω Πανθέου -- τ. 3. Η κερκόπορτα. | |
| 650 | 0 | |a Greek fiction. | |
| 740 | 2 | |a Η χαρισάμενη εποχή. | |
| 740 | 0 | |a Μάρμω Πανθέου. | |
| 740 | 2 | |a Η κερκόπορτα. | |
| 830 | 0 | |a Νεοελληνική λογοτεχνία (Εστία) | |
| 852 | |a INST |b SYROS |e 20190227 |h 889.3 ΑΘΑ |p 005500013751 |q 005500013751 |t BK |v τομ.3β: |y 0 | ||
| 852 | |a INST |b SYROS |e 20190227 |h 889.3 ΑΘΑ |p 005500013752 |q 005500013752 |t BK |v τομ.3α: |y 0 | ||
| 852 | |a INST |b SYROS |e 20190227 |h 889.3 ΑΘΑ |p 005500013753 |q 005500013753 |t BK |v τομ.2: |y 0 | ||
| 852 | |a INST |b SYROS |e 20190227 |h 889.3 ΑΘΑ |p 005500013754 |q 005500013754 |t BK |v τομ.1: |y 0 | ||
| 853 | |a INST |b SYROS |h 889.3 ΑΘΑ | ||
| 970 | |a Κοντού |b Παρασκευή |z 27/02/2019 | ||